Who Wrote That? #19 - Statistics

General Stats
  • This quiz has been taken 39 times
  • The average score is 3 of 10
Answer Stats
Hint Explanation Answer % Correct
“You can't stay in your corner of the Forest waiting for others to come to you. You have to go to them sometimes.” Winnie-the-Pooh A. A. Milne
77%
“Sometimes one is guided by what they say of themselves, and very frequently by what other people say of them, without giving oneself time to deliberate and judge.” Sense and Sensibility Jane Austen
42%
“You just think lovely wonderful thoughts and they lift you up in the air.” Peter Pan, or, the Boy Who Would Not Grow Up J. M. Barrie
42%
“To define is to limit.” The Picture of Dorian Gray Oscar Wilde
31%
“If you want to know what a man's like, take a good look at how he treats his inferiors, not his equals.” Harry Potter and the Goblet of Fire J. K. Rowling
27%
“Be worthy love, and love will come.” Little Women Louisa May Alcott
27%
“Just like a murderer jumps out of nowhere in an alley, love jumped out in front of us and struck us both at once” The Master and Margarita Mikhail Bulgakov
27%
“No need to hurry. No need to sparkle. No need to be anybody but oneself.” A Room of One's Own Virginia Woolf
27%
“All we have to decide is what to do with the time that is given us.” The Fellowship of the Ring J. R. R. Tolkien
23%
“Life changes in the instant. The ordinary instant.” The Year of Magical Thinking Joan Didion
19%
No matching quizzes found
Score Distribution
Percent of People with Each Score
Percentile by Number Answered
Your Score History
You have not taken this quiz